Responses for Show #5203 - Wednesday, April 4, 2007

Contestants

[<< previous game]

Chris Possinger, a mechanical engineer from Boston, Massachusetts

Rita Schwab-Parcel, a clinical information support specialist from Sioux Falls, South Dakota

Brian Robin, a public relations executive from Lancaster, California (whose 1-day cash winnings total $8,599)

[next game >>]

Jeopardy! Round responses

AROUND THE USA
SPORTS ILLUSTRATED ALMANAC LISTINGS
POLITICAL LINGO
PAGE BURNERS
COMMON BONDS
SLIPPERY AS AN "EEL"
    $200 1
Hawaii

Brian
    $200 12
Muhammad Ali

Brian
    $200 6
lobbying

Chris
    $200 17
Buddha

Rita
    $200 11
knives

Brian
    $200 26
keel

Chris
    $400 2
Deadwood

Chris
    $400 13
Hank Aaron

Brian
    $400 7
a quorum

Brian
    $400 18
Thomas Jefferson

Brian
    $400 22
hats

Chris
    $400 27
steel

Chris
    $600 3
Green Bay

Chris
    $600 14
"Mean Joe" Greene

Chris
    $600 8
the Beltway

Brian
    $600 19
Serbia

Chris
    $600 23
dances

Chris
    $600 28
a cartwheel

Brian
    $1,000 4
Key Largo

Chris
    $800 15
Arthur Ashe

Brian
    $800 9
unicameral

Brian
    $800 20
Harry Potter

Rita
    $800 24
things with buttons

Rita
    $800 29
newsreels

Rita
    $1000 5
(Frederick Law) Olmsted

Chris
    $1000 16
Mia Hamm

Chris
    $1000 10
logrolling

Rita
    $1000 21
The Grapes of Wrath

Chris
    $1000 25
crackers

Chris
    $1000 30
genteel

Rita

Scores at the first commercial break (after clue 15):

Brian Rita Chris
$3,600 $1,000 $3,800

Scores at the end of the Jeopardy! Round:

Brian Rita Chris
$4,600 $4,600 $9,000

Double Jeopardy! Round responses

THE 1600s
FROM THE FRENCH
FOLLOW THE LEADER TO THE CAPITAL
(Alex: We'll give you the leader's name, you identify the capital city of his or her country.)
BEWITCHED
ANDORRA
DARWIN
    $400 14
Samuel Pepys

Brian
    $400 9
burlesque

Rita
    $400 1
[Brian selected the first clue.]

Beijing

Triple Stumper
    $400 6
her nose

Chris
    $400 26
the Virgin Mary

Chris
    $400 19
The Origin of Species

Rita
    $800 15
Boston

Rita
    $800 10
a carillon

Rita
    $800 2
(Brian: What is Poland?)

Warsaw

BrianRita
    $800 7
Will Ferrell

Chris
    $800 27
the Pyrenees

Brian
    $800 20
the Galapagos Islands

Brian
    $1200 16
Daniel Defoe

Brian
    $1200 11
(Brian: What is milk?)

perfume

Brian
Triple Stumper
    $1200 3
(Chris: What is Budapest?)
(Rita: What is Greece?)

Athens

RitaChris
Triple Stumper
    $1200 8
a tarot card

Rita
    $1200 28
Charlemagne

Brian
    $1200 21
the Anglican Church (or Church of England)

Brian
    $2,200 17
Cardinal Richelieu

Brian
    $1600 12
ravine

Triple Stumper
    $1600 4
Berlin

Chris
    $1600 24
Agnes Moorehead

Rita
    $1600 29
duty-free

Chris
    $1600 22
(Rita: What are cousins...)
(Alex: Be more specific.)
(Rita: ...[*]?)

first cousins

Rita
    $2000 18
(Abel) Tasman

Rita
    $2000 13
lyonnaise

Rita
    $5,000 5
Islamabad

Chris
    $2000 25
Uncle Arthur

Triple Stumper
    $2000 30
(Brian: What is Basque?)

Catalan

BrianRita
    $2000 23
George III

Rita

Scores at the end of the Double Jeopardy! Round:

Brian Rita Chris
$8,400 $19,000 $17,600

[wagering suggestions for these scores]

Final Jeopardy! Round responses

HOLLYWOOD SCANDALS
BrianWho is Jean Harlow
$8,000
ChrisWho was Bette Davis
$3,100
RitaWho was Jean Harlow?
$18,000
Jean Harlow

Final scores:

Brian Rita Chris
$16,400 $37,000 $14,500
2nd place: $2,000 New champion: $37,000 3rd place: $1,000

Game dynamics:

Coryat scores:

Brian Rita Chris
$7,800 $19,000 $14,400
17 R
(including 1 DD),
3 W
18 R,
1 W
20 R
(including 2 DDs),
1 W

Combined Coryat: $41,200

[game clues] [game scores] [suggest correction]

Game tape date: 2007-01-24
The J! Archive is created by fans, for fans. Scraping, republication, monetization, and malicious use prohibited; this site may use cookies and collect identifying information. See terms. The Jeopardy! game show and all elements thereof, including but not limited to copyright and trademark thereto, are the property of Jeopardy Productions, Inc. and are protected under law. This website is not affiliated with, sponsored by, or operated by Jeopardy Productions, Inc. Join the discussion at JBoard.tv.